Cumplimiento e incumplimiento de las obligaciones
Guardado en:
| Autor principal: | |
|---|---|
| Formato: | Libro |
| Lenguaje: | español |
| Publicado: |
Santiago
Jurídica de Chile
2004
|
| Edición: | 3a. ed |
| Materias: | |
| Etiquetas: |
Agregar Etiqueta
Sin Etiquetas, Sea el primero en etiquetar este registro!
|
MARC
| LEADER | 00000nam a2200000 a 4500 | ||
|---|---|---|---|
| 001 | UCK0949 | ||
| 003 | CL-VaPUC | ||
| 005 | 20240301152904.0 | ||
| 008 | 041029e20040000CL |||||||||||||||||spa|d | ||
| 999 | |c 311096 |d 311094 | ||
| 020 | |a 9561015560 | ||
| 040 | |c Pontificia Universidad Católica de Valparaíso | ||
| 082 | 0 | 4 | |a 346.8302 |b FUE |2 21 |
| 100 | |a Fueyo Laneri, Fernando |e autor |9 887462 | ||
| 245 | 1 | 0 | |a Cumplimiento e incumplimiento de las obligaciones |
| 250 | |a 3a. ed | ||
| 260 | |a Santiago |b Jurídica de Chile |c 2004 | ||
| 300 | |a 650 p | ||
| 583 | |a last modification |c 20140409 05:46:25 |k Rodrigo Vera | ||
| 650 | 0 | |a Contratos |9 255153 | |
| 650 | 0 | |a Derecho civil chileno |9 320612 | |
| 650 | 0 | |a Obligaciones contractuales |9 386117 | |
| 650 | 0 | |a Responsabilidad contractual |9 256720 | |
| 942 | |c BK |2 ddc | ||
| 945 | |d 20041029 00:00:00 |a cmena | ||
| 952 | |0 0 |1 0 |4 0 |6 346_830200000000000_FUE_2004 |7 0 |8 A |9 380316 |a BIBDER |b BIBDER |d 2019-11-21 |i 4074238 |l 1 |o 346.8302 FUE 2004 |p 4074238 |r 2024-04-15 |s 2024-04-15 |w 2019-11-21 |y BK |k DER | ||
| 952 | |0 0 |1 0 |4 0 |6 346_830200000000000_FUE_2004 |7 0 |8 A |9 380317 |a BIBDER |b BIBDER |d 2019-11-21 |i 4097440 |l 1 |o 346.8302 FUE 2004 |p 4097440 |r 2024-09-03 |s 2024-08-26 |w 2019-11-21 |y BK |k DER | ||
| 952 | |0 0 |1 0 |4 0 |6 346_830200000000000_FUE_2004 |7 0 |8 A |9 380319 |a BIBDER |b BIBDER |d 2019-11-21 |i 4744241 |l 2 |m 2 |o 346.8302 FUE 2004 |p 4744241 |q 2025-12-31 |r 2021-10-11 |s 2021-10-11 |w 2019-11-21 |y BK |k DER | ||